00282nam a2200121Ia 4500008004100000041000900041082001800050100001200068245002500080260003900105300000800144650000800152230718s9999 xx 000 0 und d aEng. a347.34bKEY-S aKey law 0aSpecific Relief 1877 aPakistanbKey Low Publisher c2010 a245 aLaw